Die 26 Staaten mit Euro als Zahlungsmittel - Statistiken

Allgemein
  • Dieses Quiz wurde 391 mal gespielt
  • Das Durchschnittsergebnis liegt bei 23 aus 26
Antwortstatistiken
Antwort % Korrekt
Deutschland
100%
Spanien
99%
Belgien
98%
Frankreich
98%
Portugal
98%
Niederlande
97%
Italien
96%
Luxemburg
96%
Österreich
96%
Kroatien
94%
Griechenland
93%
Slowenien
93%
Slowakei
91%
Vatikanstadt
91%
Lettland
89%
Andorra
88%
Estland
88%
Finnland
88%
Litauen
88%
San Marino
87%
Irland
85%
Malta
84%
Monaco
84%
Zypern
68%
Montenegro
66%
Kosovo
63%
Keine übereinstimmenden Quizze gefunden
Verteilung der Resultate
Anzahl Personen mit jedem Resultat
Perzentil nach korrekt beantworteten Fragen
Ihre Resultats-Entwicklung
Sie haben dieses Quiz noch nicht gespielt